00881nam a2200217 a 450000100100000000500170001000800410002704000250006808200200009310000350011324500760014826000350022430000220025959000260028165000280030765000310033591000380036695201180040495201240052299900170064600001204920240412074229.0091104t1970 dr r 001 p spa d aDO-SdBNPbspacBNPHU aRD861.44bC957t1 aCruz, Francisco Antonio92489814aLos testamentos infinitos :bprimera entrega /cFrancisco Antonio Cruz. aSanto Domingoa[s. n.],c1970. a[24 p.] ;c26 cm. aInventariado, 2018/BT 0aPoesía dominicana966 0aLiteratura dominicana.967 aValidado. Control de calidad. EMS 0010718PDaPDbPDcHDd2009-11-04iLF1l0oRD861.44 C957tp12049-10r2020-06-25w2020-06-25yLFPDZNo se presta 0010718PDaPDbPDcHDd2011-05-06iLF1l0oRD861.44 C957tp12049-20r2020-06-25te. 2w2020-06-25yLFPDZNo se presta c11717d11717